Microbiology: An evolving science (Record no. 3120)

MARC details
000 -LEADER
fixed length control field 00510nam a2200181Ia 4500
008 - FIXED-LENGTH DATA ELEMENTS--GENERAL INFORMATION
fixed length control field 230917s9999||||xx |||||||||||||| ||und||
020 ## - ISBN
Price USD 178.50 (RS 13291.11)
040 ## - CATALOGING SOURCE
-- 5009759
Original cataloging agency VIVEKANANDA LIBRARY
041 ## - Language
-- English
082 ## - DDC NUMBER
Classification number 576 S54M(5)
100 ## - MAIN ENTRY--PERSONAL NAME
Personal name Slonczewski, Joan L
245 #0 - TITLE STATEMENT
Title Microbiology: An evolving science
250 ## - EDITION STATEMENT
Edition statement 5th ed.
260 ## - PUBLICATION, DISTRIBUTION, ETC. (IMPRINT)
Place of publication, distribution, etc New York
Name of publisher, distributor, etc W W Norton and Company
Date of publication, distribution, etc 2020
300 ## - PHYSICAL DESCRIPTION
Pages xxxvi, 1202 p.
500 ## - GENERAL NOTE
General note 4155 22/10/2021 HBD22/8959 12/11/2021 Main Budget
942 ## - ADDED ENTRY ELEMENTS (KOHA)
Koha item type Books
Holdings
Withdrawn status Lost status Damaged status Not for loan Location (home branch) Sublocation or collection (holding branch) Date acquired Koha issues (times borrowed) Koha full call number Accession No. Koha date last seen Koha item type Source of classification or shelving scheme Shelving location
        VIVEKANANDA LIBRARY VIVEKANANDA LIBRARY 03/02/2022   576 S54M(5) 398539 17/09/2023 Books    
        VIVEKANANDA LIBRARY VIVEKANANDA LIBRARY 06/01/2026   576 S54M(5) 444149 06/01/2026 Books Dewey Decimal Classification Vivekananda Library
© Designed and Maintained by Vivekananda Library, MDU Rohtak